000 00718nam a22002175i 4500
001 169543
003 ES-MaACL
005 20250920063110.0
008 081009s1977 sp |||| | spa d
080 _a123.1
100 1 _aMill, John Stuart,
_d1806-1873
_981119
245 1 0 _aSobre la libertad /
_cJohn Stuart Mill ; traducción de Josefa Sanz Pulido ; introducción de Antonio Rodríguez Huéscar.
250 _a1ª ed., 2ª reimp.
260 _a[Madrid] :
_bAguilar,
_c1977.
300 _aXXX, 170 p. ;
_c19 cm.
650 1 4 _aLibertad.
_914400
700 1 _aSanz Pulido, Josefa.
_9138676
700 1 _aRodríguez Huéscar, Antonio.
_998579
852 _aES-MaACL
_jA-7828
999 _c169543
_d169543